| 000 -ლიდერი |
| ფიქსირებული სიგრძის საკონტროლო ველი |
02655nam a22002297a 4500 |
| 003 - საკონტროლო ნომრის იდენტიფიკატორი |
| საკონტროლო ველი |
Ge_BSU |
| 005 - ბოლო ოპერაციის თარიღი და დრო |
| საკონტროლო ველი |
20221012105054.0 |
| 008 - ფიქსირებული სიგრძის მონაცემთა ელემენტები - ზოგადი ინფორმაცია |
| ფიქსირებული სიგრძის საკონტროლო ველი |
221012s2012 ge ||||| |||| 00| 0 geo d |
| 041 ## - ენის კოდი |
| Language code of text/sound track or separate title |
geo |
| 080 ## - უნივერსალური ათობითი კლასიფიკაციის ინდექსი |
| Universal Decimal Classification number |
908(73)(063)+94(73)(063)+821.111(73)(063) ს-12 |
| 245 ## - ცნობა სათაურის შესახებ |
| Title |
ჯონ სტაინბეკის დაბადებიდან 110 წლისთავისადმი მიძღვნილი VI საერთაშორისო კონფერენცია ამერიკისმცოდნეობაში = VI international conference on american studies : |
| Remainder of title |
ოქტომბერი 2012 ქუთაისი : ენა, ლიტერატურა, კულტურა, ხელოვნება, ქართულ-ამერიკული ურთიერთობები, პოლიტიკა, ისტორია, ეკონომიკა, განათლება, საზოგადოება : [კონფერენციის მასალები] / |
| Statement of responsibility, etc |
მთ. რედ. ირაკლი ცხვედიანი. - ქუთაისი : აკ. წერეთლის სახელმწ. უნ-ტის გამ-ბა და სტ., 2012. - 494 გვ. : ფოტ. ; 20 სმ.. - ზესათ.: აკ. წერეთლის სახელმწ. უნ-ტი, ვახტანგ ამაღლობელის სახ. ამერიკის შესწავლის ცენტრი, ჯონ დოს პასოსის საქ. ასოციაცია. |
| 264 ## - წარმოების, გამოცემის, დისტრიბუციის და სხვა ცნობები |
| გამოცემის, წარმოების, დისტრიბუციის... ადგილი |
ქუთაისი : |
| გამოცემის, წარმოების, დისტრიბუციის... სახელწოდება |
აკ. წერეთლის სახელმწ. უნ-ტის გამ-ბა და სტ., |
| გამოცემის, წარმოების, დისტრიბუციის... თარიღი |
2012. |
| 300 ## - ფიზიკური აღწერა |
| Extent |
494 გვ. : |
| Other physical details |
ფოტ. ; |
| Dimensions |
20 სმ. |
| 653 ## - INDEX TERM--UNCONTROLLED |
| Uncontrolled term |
ამერიკისმცოდნეობა - კონფერენციები |
| 700 ## - ADDED ENTRY--PERSONAL NAME |
| Personal name |
ცხვედიანი, ი. |
| Relator term |
ავტორი |
| 9 (RLIN) |
15271 |
| 700 ## - ADDED ENTRY--PERSONAL NAME |
| Personal name |
ბრიჯისი, პ. |
| Relator term |
ავტორი |
| 9 (RLIN) |
15272 |
| 700 ## - ADDED ENTRY--PERSONAL NAME |
| Personal name |
რეილსბეკი, ბ. |
| Relator term |
ავტორი |
| 9 (RLIN) |
15273 |
| 700 ## - ADDED ENTRY--PERSONAL NAME |
| Personal name |
ტუნაძე, თ. |
| Relator term |
ავტორი |
| 9 (RLIN) |
15274 |
| 700 ## - ADDED ENTRY--PERSONAL NAME |
| Personal name |
ორაგველიძე, თ. და სხვ. |
| Relator term |
ავტორი |
| 9 (RLIN) |
15275 |
| 710 ## - ADDED ENTRY--CORPORATE NAME |
| Corporate name or jurisdiction name as entry element |
აკ. წერეთლის სახელმწ. უნ-ტი |
| Subordinate unit |
ვახტანგ ამაღლობელის სახ. ამერიკის შესწავლის ცენტრი; ჯონ დოს პასოსის საქ. ასოციაცია |
| 9 (RLIN) |
15276 |
| 942 ## - ADDED ENTRY ELEMENTS (KOHA) |
| Source of classification or shelving scheme |
|
| Koha item type |
წიგნი |